LEADER 01372nam a2200277 4500 001 000000353007 003 CaOOAMICUS 005 20241014085301.0 008 230301s2022 it 000 u ita r 020 $a978-88-6894-557-2 040 $aSeMil$bita 110 2 $aArcidiocesi di Milano.$0(OLS)http://semarc/name/400 245 10$aPregate sempre :$bla vita di preghiera nel ministero ordinato : anno pastorale /$cArcidiocesi di Milano. 264 1$aMilano :$bCentro Ambrosiano,$c2022. 300 $a134 p. ;$c21 cm 490 1 $aQuaderni della formazione permanente del clero ;$v13 650 4$aMilano (Arcidiocesi) - Pastorale.$0(OLS)http://semarc/subject/9774 650 4$aChiesa cattolica - Clero - Formazione permanente - Milano.$0(OLS)http://semarc/subject/44215 830 0$aQuaderni della formazione permanente del clero / Arcidiocesi di Milano ;$v13.$0(OLS)http://semarc/title/30221 850 $aSeMil 852 $aSeMil$W1$xVenegono$y1$m2KA W 13$j237934$B244238$CSeMilBibl$Z2$F244238 $81 961 $aConti don Gildo - Omaggio 996 $6020$a978-88-6894-557-2$9(OLS)http://semarc/number/297707 996 $6245$aPregate sempre :$bla vita di preghiera nel ministero ordinato : anno pastorale$9(OLS)http://semarc/title/442983 996 $6264$aMilano :$bCentro Ambrosiano$9(OLS)http://semarc/publisher/29766 LEADER 01083nam a2200241 i 4500 001 000000108087 003 CaOOAMICUS 005 20041228000000.0 008 041228s1964 it u000 u ita u 013 $a80653 040 $aSeMil$bita 100 1 $aCassi Ramelli, Antonio,$d<1905-1980>.$0(OLS)http://semarc/name/7700 245 10$aDalle caverne ai rifugi blindati :$btrenta secoli di architettuta militare /$cAntonio Cassi Ramelli. 260 $aMilano :$bNuova accademia editrice,$c1964. 300 $a462 p. :$briccamente ill. ;$c25 cm. 500 $aContiene : Nota bibliografica. - Fondo Card. C.M. Martini. 650 4$aArchitettura militare - Storia.$0(OLS)http://semarc/subject/19010 850 $aSeMil 852 $aSeMil$W1$xVenegono$y1$m5H XVI 127$j64183$B64183$CSeMilBibl$Z2$F90808 $81 941 1 $a4 961 $aOmaggio: Martini Card. Carlo Maria 996 $6245$aDalle caverne ai rifugi blindati :$btrenta secoli di architettuta militare$9(OLS)http://semarc/title/156658 996 $6260$aMilano :$bNuova accademia editrice$9(OLS)http://semarc/publisher/31675